[Event "Sharjah Cup (Women) 7th"]
[Site "Sharjah"]
[Date "2016.12.21"]
[Round "4"]
[White "Jehad, Aysha"]
[Black "Razh, Amalia"]
[Result "0-1"]
[WhiteElo "1657"]
[BlackElo "1967"]
[PlyCount "50"]
[EventDate "2016.12.18"]
[EventType "swiss"]
[EventRounds "9"]
[EventCountry "UAE"]
[SourceTitle "CBM 176 Extra"]
[Source "ChessBase"]
[SourceDate "2017.03.02"]
[SourceVersion "1"]
[SourceVersionDate "2017.03.02"]
[SourceQuality "1"]

1. e4 Nc6 2. Nf3 d5 3. exd5 Qxd5 4. Nc3 Qa5 5. Bb5 Bd7 6. d4 a6 7. Bd2 axb5 8. Nd5 b4 9. c4 e6 10. Ne3 Nf6 11. 0-0 Qh5 12. d5 Ne5 13. Nxe5 Qxe5 14. Re1 Bd6 15. Ng4 Qf5 16. Ne3 Qg6 17. dxe6 fxe6 18. Nd5 Nxd5 19. cxd5 0-0 20. Be3 Kh8 21. f3 Qh5 22. f4 Qxd5 23. Qxd5 exd5 24. Rad1 c6 25. g3 Rxa2 0-1

[Event "Sharjah Cup (Women) 7th"]
[Site "Sharjah"]
[Date "2016.12.20"]
[Round "3"]
[White "Gevorgyan, Maria"]
[Black "Jehad, Aysha"]
[Result "1-0"]
[WhiteElo "2197"]
[BlackElo "1657"]
[PlyCount "83"]
[EventDate "2016.12.18"]
[EventType "swiss"]
[EventRounds "9"]
[EventCountry "UAE"]
[SourceTitle "CBM 176 Extra"]
[Source "ChessBase"]
[SourceDate "2017.03.02"]
[SourceVersion "1"]
[SourceVersionDate "2017.03.02"]
[SourceQuality "1"]

1. e4 c5 2. Nc3 e6 3. Nf3 a6 4. d4 cxd4 5. Nxd4 b5 6. g3 Bb7 7. Bg2 Nc6 8. 0-0 Bc5 9. Nb3 Bb6 10. e5 Nge7 11. Ne4 0-0 12. Qh5 Nf5 13. Bg5 f6 14. exf6 gxf6 15. Bf4 Qe8 16. Qd1 e5 17. Bc1 Rb8 18. c3 Kh8 19. Nbc5 Bc8 20. b4 Bxc5 21. bxc5 d5 22. cxd6 Qe6 23. Nc5 Qc4 24. Qd5 Na5 25. Qxc4 bxc4 26. d7 Bb7 27. Ne6 Bxg2 28. Kxg2 Rg8 29. d8Q Rbxd8 30. Nxd8 Rxd8 31. g4 Ng7 32. Ba3 Nc6 33. Rfd1 Rd3 34. Rxd3 cxd3 35. Kf3 Ne6 36. Rb1 Nf4 37. Bc1 Ne2 38. Bd2 Na5 39. Ke4 Nc4 40. Kxd3 Nxd2 41. Kxd2 Nf4 42. Rb6 1-0

[Event "Olympiad Women-42"]
[Site "Baku"]
[Date "2016.09.04"]
[Round "3.41"]
[White "Atabayeva, Gozel"]
[Black "Jehad, Aysha"]
[Result "1-0"]
[WhiteElo "2021"]
[BlackElo "1668"]
[PlyCount "57"]
[EventDate "2016.09.02"]
[EventType "team-swiss"]
[EventRounds "11"]
[EventCountry "AZE"]
[SourceTitle "CBM 174 Extra"]
[Source "ChessBase"]
[SourceDate "2016.10.10"]
[SourceVersion "1"]
[SourceVersionDate "2016.10.10"]
[SourceQuality "1"]
[WhiteTeam "Turkmenistan (W)"]
[BlackTeam "United Arab Emirates (W)"]
[WhiteTeamCountry "TKM"]
[BlackTeamCountry "UAE"]

1. e4 c5 2. Nf3 e6 3. d4 cxd4 4. Nxd4 Nf6 5. Bd3 Nc6 6. Nxc6 bxc6 7. c4 Be7 8. 0-0 e5 9. Nc3 0-0 10. a3 a5 11. Be3 Rb8 12. Rb1 d6 13. h3 Be6 14. Qe2 Qc8 15. Rfd1 Rd8 16. Rd2 d5 17. cxd5 cxd5 18. exd5 Nxd5 19. Nxd5 Rxd5 20. Rc2 Qd7 21. Be4 Bf5 22. Bxd5 Bxc2 23. Bxf7+ Kxf7 24. Qxc2 g6 25. Rd1 Qe6 26. Qc7 Rxb2 27. Bg5 Rxf2 28. Bxe7 Rxg2+ 29. Kxg2 1-0

[Event "Asia Cup (Women)"]
[Site "Abu Dhabi"]
[Date "2016.04.02"]
[Round "6.3"]
[White "Jehad, Aysha"]
[Black "Zahedifar, Anahita"]
[Result "0-1"]
[WhiteElo "1597"]
[BlackElo "2112"]
[PlyCount "88"]
[EventDate "2016.03.28"]
[EventType "team-swiss"]
[EventRounds "9"]
[EventCountry "UAE"]
[SourceTitle "CBM 171 Extra"]
[Source "ChessBase"]
[SourceDate "2016.04.26"]
[SourceVersion "1"]
[SourceVersionDate "2016.04.26"]
[SourceQuality "1"]
[WhiteTeam "United Arab Emirates (W) II"]
[BlackTeam "Iran (W)"]
[WhiteTeamCountry "UAE"]
[BlackTeamCountry "IRI"]

1. e4 c6 2. d4 d5 3. Nc3 dxe4 4. Nxe4 Bf5 5. Ng3 Bg6 6. h4 h6 7. Nf3 Nd7 8. h5 Bh7 9. Bd3 Bxd3 10. Qxd3 e6 11. Bd2 Ngf6 12. 0-0-0 Bd6 13. Ne4 Bc7 14. g3 Nxe4 15. Qxe4 Nf6 16. Qe2 Qd5 17. c4 Qe4 18. Qxe4 Nxe4 19. Be3 0-0-0 20. Ne5 Rhf8 21. Rh4 Nd6 22. g4 f6 23. Ng6 Rfe8 24. c5 Ne4 25. Rhh1 Rd7 26. Rhe1 Rf7 27. Re2 f5 28. Bf4 Bxf4+ 29. Nxf4 Kd7 30. gxf5 exf5 31. Ng6 Kc7 32. Rde1 Rd8 33. f3 Ng5 34. Re7+ Rxe7 35. Rxe7+ Rd7 36. Rxd7+ Kxd7 37. Ne5+ Ke6 38. Kd2 f4 39. b4 Kd5 40. a4 Kxd4 41. Nd3 Nxf3+ 42. Ke2 Ng1+ 43. Kd2 f3 44. b5 Nh3 0-1

[Event "Asia Cup (Women)"]
[Site "Abu Dhabi"]
[Date "2016.04.01"]
[Round "5.2"]
[White "Tan, Zhongyi"]
[Black "Jehad, Aysha"]
[Result "1-0"]
[WhiteElo "2518"]
[BlackElo "1597"]
[PlyCount "55"]
[EventDate "2016.03.28"]
[EventType "team-swiss"]
[EventRounds "9"]
[EventCountry "UAE"]
[SourceTitle "CBM 171 Extra"]
[Source "ChessBase"]
[SourceDate "2016.04.26"]
[SourceVersion "1"]
[SourceVersionDate "2016.04.26"]
[SourceQuality "1"]
[WhiteTeam "China (W)"]
[BlackTeam "United Arab Emirates (W) II"]
[WhiteTeamCountry "CHN"]
[BlackTeamCountry "UAE"]

1. c4 c5 2. Nf3 Nc6 3. d4 cxd4 4. Nxd4 e5 5. Nb5 a6 6. N5c3 Nf6 7. g3 Be7 8. Bg2 0-0 9. 0-0 Rb8 10. a4 b6 11. b3 Bb7 12. Nd5 Nxd5 13. cxd5 Na7 14. Bb2 Bd6 15. Nd2 Bc7 16. Ne4 d6 17. f4 f6 18. fxe5 fxe5 19. Rxf8+ Qxf8 20. Ng5 Bd8 21. Ne6 Qf7 22. Qd3 Bf6 23. Rf1 h6 24. Qf5 Bc8 25. Be4 Bxe6 26. dxe6 Qc7 27. Qh7+ Kf8 28. Rxf6+ 1-0

[Event "Asia Cup (Women)"]
[Site "Abu Dhabi"]
[Date "2016.03.28"]
[Round "1.3"]
[White "Jehad, Aysha"]
[Black "Tokhirjonova, Gulruhbegim"]
[Result "0-1"]
[WhiteElo "1597"]
[BlackElo "2259"]
[PlyCount "99"]
[EventDate "2016.03.28"]
[EventType "team-swiss"]
[EventRounds "9"]
[EventCountry "UAE"]
[SourceTitle "CBM 171 Extra"]
[Source "ChessBase"]
[SourceDate "2016.04.26"]
[SourceVersion "1"]
[SourceVersionDate "2016.04.26"]
[SourceQuality "1"]
[WhiteTeam "United Arab Emirates (W) II"]
[BlackTeam "Uzbekistan (W)"]
[WhiteTeamCountry "UAE"]
[BlackTeamCountry "UZB"]

1. e4 e5 2. Nf3 Nc6 3. Bb5 a6 4. Ba4 Nf6 5. 0-0 Be7 6. Re1 b5 7. Bb3 0-0 8. c3 d6 9. d4 Bg4 10. d5 Na5 11. Bc2 c6 12. a4 cxd5 13. exd5 Nc4 14. Nbd2 Nb6 15. a5 Nbxd5 16. Ne4 Nc7 17. h3 Bh5 18. Ng3 Bg6 19. Nf5 Bxf5 20. Bxf5 g6 21. Bc2 Ne6 22. Be3 Qc7 23. Bb6 Qc6 24. Rc1 Bd8 25. Bxd8 Raxd8 26. Qe2 Nf4 27. Qe3 Rfe8 28. Rcd1 Kg7 29. Be4 Nxe4 30. Qxe4 Qxe4 31. Rxe4 f6 32. h4 d5 33. Re3 Ne6 34. Ne1 d4 35. cxd4 Nxd4 36. Red3 Rd6 37. Nc2 Red8 38. Kf1 Kf7 39. f4 Ke6 40. Nxd4+ Rxd4 41. Rxd4 Rxd4 42. Rxd4 exd4 43. Ke2 Kd5 44. Kd3 f5 45. b3 b4 46. g3 h5 47. Kd2 Ke4 48. Ke2 d3+ 49. Kd2 Kd4 50. Kd1 0-1

[Event "World ol U16 10th"]
[Site "Kocaeli"]
[Date "2011.10.27"]
[Round "6.19"]
[White "Jehad, Aysha"]
[Black "Roy, Ali"]
[Result "0-1"]
[WhiteElo "1544"]
[BlackElo "1801"]
[PlyCount "50"]
[EventDate "2011.10.24"]
[EventType "team-swiss"]
[EventRounds "10"]
[EventCountry "TUR"]
[SourceTitle "EXT 2012"]
[Source "ChessBase"]
[SourceDate "2011.11.24"]
[SourceVersion "1"]
[SourceVersionDate "2011.11.24"]
[SourceQuality "1"]
[WhiteTeam "United Arab Emirates II"]
[BlackTeam "Scotland"]
[WhiteTeamCountry "UAE"]
[BlackTeamCountry "SCO"]

1. e4 e6 2. d4 d5 3. Nd2 dxe4 4. Nxe4 Nd7 5. Nf3 Ngf6 6. Bd3 Nxe4 7. Bxe4 Nf6 8. Bd3 c5 9. dxc5 Bxc5 10. 0-0 0-0 11. Qe2 b6 12. Bg5 Bb7 13. Rad1 Qc7 14. Ne5 Rfd8 15. c3 Rd5 16. Rfe1 Be7 17. Nxf7 Qc6 18. f3 Kxf7 19. Bxf6 gxf6 20. Be4 Qc5+ 21. Kh1 Re5 22. Qd3 Bxe4 23. Rxe4 Rd8 24. Qc2 Rxe4 25. fxe4 Qe5 0-1

[Event "UAE-ch (Women)"]
[Site "Abu Dhabi"]
[Date "2010.07.03"]
[Round "4"]
[White "Al Harmoudi, Mona"]
[Black "Jehad, Aysha"]
[Result "1-0"]
[WhiteElo "1870"]
[BlackElo "1581"]
[PlyCount "79"]
[EventDate "2010.07.01"]
[EventType "swiss"]
[EventRounds "6"]
[EventCountry "UAE"]
[SourceTitle "EXT 2012"]
[Source "ChessBase"]
[SourceDate "2011.11.24"]
[SourceVersion "1"]
[SourceVersionDate "2011.11.24"]
[SourceQuality "1"]

1. d4 d5 2. Nf3 Nf6 3. Bf4 e6 4. e3 c5 5. c3 Nc6 6. h3 Bd6 7. Bd3 0-0 8. 0-0 Qe7 9. Bxd6 Qxd6 10. Nbd2 e5 11. dxe5 Nxe5 12. Nxe5 Qxe5 13. Nf3 Qc7 14. Qc2 h6 15. Rad1 b6 16. Nd2 Bb7 17. Rfe1 Rfe8 18. a3 Rad8 19. c4 Qc6 20. Nf3 d4 21. exd4 Rxd4 22. Rxe8+ Nxe8 23. Bf1 Rxd1 24. Qxd1 Qd6 25. Qa4 Qb8 26. Nh4 Nf6 27. Nf5 Qe5 28. Qxa7 Bxg2 29. Bxg2 Qxf5 30. Qxb6 Qb1+ 31. Kh2 Qf5 32. Qb8+ Kh7 33. Qg3 Qc2 34. Bd5 Qf5 35. Qf3 Qe5+ 36. Kg2 Qg5+ 37. Qg3 Qxg3+ 38. fxg3 Nxd5 39. cxd5 Kg6 40. a4 1-0